Most Consumed Seafood (US) Quiz Stats

Quiz Updated Jan 3, 2017

Also try: Sounds Fishy
Challenge
Share
Tweet
Embed
Score 0/10 Timer 05:00
6 Plays Today
Rank Seafood % Correct
2Salmon
87.8%
1Shrimp
87.6%
8Crab
80.4%
3Canned Tuna
80%
7Cod
67.3%
10Clams
59.3%
9Catfish
40.8%
4Tilapia
39.5%
5Pollock
10.2%
6Pangasius
4.2%

You're not logged in!

Compare scores with friends on all Sporcle quizzes.
Sign Up with Email
OR
Log In

You Might Also Like...

Show Comments

Extras

Top Quizzes Today


Score Distribution

Your Account Isn't Verified!

In order to create a playlist on Sporcle, you need to verify the email address you used during registration. Go to your Sporcle Settings to finish the process.